Крути (Запис № 428663)
[ простий вигляд ]
| 000 -Лідер | |
|---|---|
| fixed length control field | 02426nam a22002777a 4500 |
| 001 - Контрольний номер | |
| control field | 48558 |
| 003 - Ідентифікатор контрольного номера | |
| control field | UA-OsUOA |
| 005 - Дата та час останнього входження (трансакції) | |
| control field | 20260508113858.0 |
| 007 - Фіксоване поле фізичного опису | |
| fixed length control field | ta |
| 008 - Елементи даних фіксованої довжини – загальна інформація | |
| fixed length control field | 20130602b un ||un o|||| 00| 0 ukr dukr d |
| 020 ## - Міжнародний стандартний книжковий номер (ISBN) | |
| Міжнародний стандартний книжковий номер (ISBN) (НП) | 9789668499883 |
| 040 ## - Джерело каталогізації | |
| Агенція оригінальної каталогізації | UA-OsUOA |
| Мова каталогізації | ukr |
| Агенція, яка здійснювала перезапис | UA-OsUOA |
| Агенція, яка здійснювала модифікацію | UA-OsUOA |
| 041 ## - Код мови | |
| Код мови тексту/ звукової доріжки чи окремого заголовка (П) | ukr |
| 080 ## - Індекс Універсальної десяткової класифікації | |
| Індекс Універсальної десяткової класифікації (УДК) (НП) | 94(477)"1918" |
| 090 ## - Локальний шифр розміщення | |
| Класифікаційний індекс УДК | 94(477)"1918" |
| Авторський знак (НП) | К84 |
| 245 ## - Відомості про назву | |
| Назва (НП) | Крути |
| Решта назви (НП) | збірка у пам'ять героїв Крут |
| Дані про відповідальність (НП) | упор. Осип Зінкевич, Надія Зінкевич |
| 260 ## - Публікація, розповсюдження і т.п. (Вихідні дані) | |
| Місце публікації, розповсюдження і т.п. (П) | Київ |
| Ім’я/ наймення видавництва, розповсюджувача і т.п. (П) | Смолоскип |
| Дата публікації, розповсюдження і т.п. (П) | 2008 |
| 300 ## - Фізичний опис | |
| Обсяг | 422 с. |
| 520 ## - Резюме і т.п. | |
| Резюме, реферат, анотація, тощо (НП) | 29 січня 1918 року відбулась надзвичайно трагічна подія в українській історії - бій під Крутами. Уряд УНР, опинившись без війська, кинув на протистояння з російською армією, що йшла на Київ, кілька сотень погано озброєнних українських студентів та гімназистів. Майже всі вони полягли у нерівному бою. Цей бій отримав величезне символічне значення - і саме його намагалися.<br/>До збірки "Крути", виданої "Смолоскипом" до 90-річчя бою, увійшли найрізноматніші матеріали. Це й історичні матеріали та статті, в яких рокривається хід та причини трагедії, і художні твори, але насамперед - публіцистика різних часів. Найцінніша частина книги - спогади нечисленних учасників бою, яким вдалося вижити.<br/>Багато матеріалів, узятих із важкодоступних діаспорних видань, публікуються в Україні вперше. Книга розграхована на широке коло читачів, зокрема молодь. |
| 650 #7 - Додаткове предметне введення – тематичний термін | |
| Тематичний термін чи географічна назва, як елемент введення (НП) | 94(477) Історія України |
| Джерело заголовка чи терміна | UDC |
| 9 (RLIN) | 19 |
| 700 1# - Додаткове введення – ім'я особи | |
| Ім’я особи (НП) | Зінкевич О. |
| 9 (RLIN) | 2921 |
| 700 1# - Додаткове введення – ім'я особи | |
| Ім’я особи (НП) | Зінкевич Н. |
| 9 (RLIN) | 25199 |
| 942 ## - Додаткові елементи входу (Коха) | |
| Тип елемента Koha | Книги |
| Source of classification or shelving scheme | Universal Decimal Classification |
| 955 ## - Код типу видання за змістом | |
| Код типу видання за змістом (НП) | Науково-популярні видання |
| Стан вилучень | Стан втрат | Джерело класифікації або схеми стелажів | Стан уражень | Не для кредиту | Код колекції | Постійне місце розташування | Поточне розміщення | Дата придбання | Джерело придбання | Вартість, звичайна ціна покупки | Інвентарний номер | Усього замовленно | Штрих-код | Дата останнього перегляду | Ціна ефективна від | Тип елемента Koha | Повний номер виклику | Вартість, ціна заміни |
|---|---|---|---|---|---|---|---|---|---|---|---|---|---|---|---|---|---|---|
| Universal Decimal Classification | Колекція Шевчука Валерія | АБ - Абонемент НБ | АБ - Абонемент НБ | 08/05/2026 | Акт №24/28.04.2026 | 25.00 | 169916 | 169916 | 08/05/2026 | 08/05/2026 | Книги | 94(477).06 К84 | 25.00 | |||||
| Universal Decimal Classification | Наукова бібліотека ІДУД | Наукова бібліотека ІДУД | 02/06/2013 | 293/2012 | 1.00 | 2134505 | 2134505 | 14/09/2019 | 02/06/2013 | Книги | 94(477).06 К84 | |||||||
| Universal Decimal Classification | Наукова бібліотека ІДУД | Наукова бібліотека ІДУД | 27/02/2009 | 170/2008 | 1.00 | 2130482 | 2130482 | 15/09/2019 | 27/02/2009 | Книги | 94(477).06 К84 | |||||||
| Universal Decimal Classification | Наукова бібліотека ІДУД | Наукова бібліотека ІДУД | 22/09/2009 | 109/2007 | 1.00 | 2131020 | 2131020 | 15/09/2019 | 22/09/2009 | Книги | 94(477).06 К84 | |||||||
| Universal Decimal Classification | Колекція Томенка М.В. | ЧЗ - Читальна зала | ЧЗ - Читальна зала | 12/11/2009 | 129/2009 | 20.00 | 124669 | 124669 | 29/09/2021 | 12/11/2009 | Книги | |||||||
| Universal Decimal Classification | Колекція Полковського В. | ЧЗ - Читальна зала | ЧЗ - Читальна зала | 01/06/2018 | 20/2018 | 20.00 | 159186 | 159186 | 11/02/2022 | 12/11/2009 | Книги |